Vinieron los parientes / (Record no. 19033)

MARC details
000 -LEADER
fixed length control field 00703nam a22002297a 4500
001 - CONTROL NUMBER
control field sjds170202
003 - CONTROL NUMBER IDENTIFIER
control field sjds
005 - DATE AND TIME OF LATEST TRANSACTION
control field 20171024135204.0
008 - FIXED-LENGTH DATA ELEMENTS--GENERAL INFORMATION
fixed length control field 171024b ohu||||| |||| 00| 0 spa d
020 ## - INTERNATIONAL STANDARD BOOK NUMBER
International Standard Book Number 9780026871846 (pbk.)
020 ## - INTERNATIONAL STANDARD BOOK NUMBER
International Standard Book Number 002687184X (pbk.)
040 ## - CATALOGING SOURCE
Transcribing agency sjds
041 ## - LANGUAGE CODE
Language code of text/sound track or separate title spa
Language code of original eng
100 1# - MAIN ENTRY--PERSONAL NAME
Personal name Rylant, Cynthia
240 ## - UNIFORM TITLE
Uniform title <a href="The relatives came">The relatives came</a>
245 ## - TITLE STATEMENT
Title Vinieron los parientes /
Statement of responsibility, etc. cuento de Cynthia Rylant ; illustraciones de Stephen Gammell ; traduccion de Alma Flor Ada.
260 ## - PUBLICATION, DISTRIBUTION, ETC. (IMPRINT)
Place of publication, distribution, etc. Columbus, Ohio :
Name of publisher, distributor, etc. SRA Macmillan/McGraw-Hill,
Date of publication, distribution, etc. 1995, c1985.
300 ## - PHYSICAL DESCRIPTION
Extent [32] p. :
Other physical details col. ill. ;
Dimensions 27 cm.
700 1# - ADDED ENTRY--PERSONAL NAME
Personal name Gammell, Stephen
700 1# - ADDED ENTRY--PERSONAL NAME
Personal name Ada, Alma Flor
942 ## - ADDED ENTRY ELEMENTS (KOHA)
Koha item type Libro/Book
Holdings
Withdrawn status Lost status Damaged status Not for loan Home library Current library Date acquired Inventory number Total Checkouts Barcode Date last seen Price effective from Koha item type
        Barbudos -- Satellite Barbudos -- Satellite 24/10/2017 Inventory date: 7/7/25   35801562 16/02/2022 24/10/2017 Libro/Book

Powered by Koha